La ciencia del color : (Registro nro. 64)
[ vista simple ]
| 000 -LEADER | |
|---|---|
| fixed length control field | 02269nam a22002297a 4500 |
| 003 - CONTROL NUMBER IDENTIFIER | |
| control field | OSt |
| 005 - DATE AND TIME OF LATEST TRANSACTION | |
| control field | 20240626122008.0 |
| 008 - FIXED-LENGTH DATA ELEMENTS--GENERAL INFORMATION | |
| fixed length control field | 230905s2013 sp ||||| |||| 00| 0 spa d |
| 020 ## - INTERNATIONAL STANDARD BOOK NUMBER | |
| International Standard Book Number | 9789876291477 |
| 040 ## - CATALOGING SOURCE | |
| Language of cataloging | spa |
| Transcribing agency | besoc |
| 100 1# - MAIN ENTRY--PERSONAL NAME | |
| Personal name | Rebeur, Ana von, |
| Dates associated with a name | 1958- |
| Relator term | autor |
| 245 13 - TITLE STATEMENT | |
| Title | La ciencia del color : |
| Remainder of title | historia y pasiones en torno a los pigmentos / |
| Statement of responsibility, etc. | Ana von Rebeur |
| 250 ## - EDITION STATEMENT | |
| Edition statement | 1a ed. |
| 260 ## - PUBLICATION, DISTRIBUTION, ETC. | |
| Place of publication, distribution, etc. | Barcelona : |
| Name of publisher, distributor, etc. | Siglo Veintiuno, |
| Date of publication, distribution, etc. | 2013 |
| 300 ## - PHYSICAL DESCRIPTION | |
| Extent | 126 p. |
| 490 ## - SERIES STATEMENT | |
| Series statement | Colección ciencia que ladra / dirigida por Diego Golombek |
| 505 ## - FORMATTED CONTENTS NOTE | |
| Formatted contents note | Este libro (y esta colección) / Diego Golombek -- 1. Zambullidos en el arcoíris -- 2. ¿Cómo vemos los colores? -- 3. Arcoíris, langostinos, sol verde y otros temas coloridos -- 4. ¿Para qué sirven los colores? -- 5. La desesperada búsqueda de los colores -- 6. Blanco lumuniso -- 7. Marrón tentador -- 8. Rojo pasión -- 9. Dulce rosa -- 10. Naranja crocante -- 11. Atención: amarillo -- 12. Verde sexy -- 13. Azul profundo -- 14. Violeta exótico -- 15. Negro luto -- 16. Gracias a los colores.- |
| 520 ## - SUMMARY, ETC. | |
| Summary, etc. | El que quiera celeste, que lea este libro. Y también el que busque luminosos blancos, rojos pasionales, prohibidos amarillos y azules profundos. Es que estas páginas están impregnadas de historias sobre los colores, que van desde la búsqueda obsesiva de los pintores cavernícolas y de los alquimistas del renacimiento para lograr la tintura perfecta hasta los últimos desarrollos tecnológicos en pos de un futuro con distintos matices, pasando por la base experimental de los tonos de moda, que no deben faltar en el vestuario del científico moderno. Pero eso no es todo: la ciencia del color está llena de sorpresas, que incluyen no sólo las guerras por los pigmentos más puros y los envenenamientos por contacto con pinturas intoxicantes, sino también cómo nuestros ojos -y nuestros cerebros- interpretan un universo de luces multicolores, con qué insectos está teñida la mermelada que consumimos en el desayuno y de qué color ven el mundo nuestras mascotas. La luz, la visión, los mil distintos tonos de verde… una verdadera ciencia de los colores.. [Nota del editor] |
| 650 ## - SUBJECT ADDED ENTRY--TOPICAL TERM | |
| Topical term or geographic name entry element | Colores |
| General subdivision | Pigmentos |
| -- | Luz |
| 700 1# - ADDED ENTRY--PERSONAL NAME | |
| Personal name | Golombek, Diego |
| Dates associated with a name | 1964- |
| 942 ## - ADDED ENTRY ELEMENTS (KOHA) | |
| Source of classification or shelving scheme | Universal Decimal Classification |
| Koha item type | Libro de préstamo a domicilio |
| Suppress in OPAC | No |
| Withdrawn status | Lost status | Source of classification or shelving scheme | Damaged status | Not for loan | Collection | Home library | Current library | Date acquired | Total checkouts | Full call number | Barcode | Date last seen | Price effective from | Koha item type |
|---|---|---|---|---|---|---|---|---|---|---|---|---|---|---|
| Universal Decimal Classification | Colección General | Biblioteca Escuela de Ciencias Sociales | Biblioteca Escuela de Ciencias Sociales | 06/09/2023 | 7.017.4 R291 | 000809 | 06/09/2023 | 06/09/2023 | Libro de préstamo a domicilio |